000 00354nam a2200157Ia 4500
003 IT-RoPAU
008 120407s9999 xx 000 0 und d
040 _aIT-RoPAU
040 _cIT-RoPAU
100 _aMaria I. Macioti
245 _aArrese apocalittiche alle soglie del millennio
260 _aLiguori
300 _c cm
490 _v1
942 _cBK
999 _c7796
_d7796